| 000 | 00484nam a2200133 a 4500 | ||
|---|---|---|---|
| 008 | 120416s1999 xx |||||||||||||| || u | ||
| 050 | _aTHESIS | ||
| 100 | _aMulongwe, Sandra Mandona | ||
| 245 | 1 | 4 | _aThe role of ZCTU in conflict management with its member unions in Zambia |
| 246 | _aa case of Mineworkers Union | ||
| 260 | _c1999 | ||
| 350 | _a0.00 | ||
| 995 |
_D0.00 _FCBU-MAIN LIBRARY (Kitwe) _H1 _I0.00 _UAVAILABLE _ZUniversity Collection |
||
| 999 |
_c56725 _d56725 |
||